Normal view
MARC view
- KHURRAM,SARIM,UZAIR
Entry Personal Name
001 - CONTROL NUMBER
- control field: 72011
003 - CONTROL NUMBER IDENTIFIER
- control field: NUST
005 - DATE AND TIME OF LATEST TRANSACTION
- control field: 20210628204728.0
008 - FIXED-LENGTH DATA ELEMENTS
- fixed length control field: 210628|| aca||aabn | a|a d
040 ## - CATALOGING SOURCE
- Original cataloging agency: NUST
- Transcribing agency: NUST
100 ## - HEADING--PERSONAL NAME
- Personal name: KHURRAM,SARIM,UZAIR
670 ## - SOURCE DATA FOUND
- Source citation: Work cat.: (NUST): KHURRAM,SARIM,UZAIR, PR-SOF-1261-DESIGN AND FABRICATION OF MULTI TERRAIN MOBILE PLATFORM, 2013
